Consumer guide to buying and selling residential property (Record no. 121680)
[ view plain ]
| 000 -LEADER | |
|---|---|
| fixed length control field | 00970nam a22001817a 4500 |
| 008 - FIXED-LENGTH DATA ELEMENTS--GENERAL INFORMATION | |
| fixed length control field | 231018s2023 xxk|||||o|||| 00| 0 eng d |
| 041 ## - LANGUAGE CODE | |
| Language code of text/sound track or separate title | eng |
| 245 ## - TITLE STATEMENT | |
| Title | Consumer guide to buying and selling residential property |
| 260 ## - PUBLICATION INFORMATION | |
| Place of publication | Belfast, |
| Publisher | Law Society of Northern Ireland, |
| Date | 14 October 2023 |
| 300 ## - PHYSICAL DESCRIPTION | |
| Physical description | 5p. |
| 520 ## - ABSTRACT | |
| Abstract | A Law Society of Northern Ireland consumer guide to buying and selling residential property provides information, explanations, and tips to help those involved in the conveyancing process. It includes information on new build properties, apartments, leases, fraud, mortgages and why it is important to consult with an experienced solicitor. |
| 650 ## - KEYWORDS | |
| Keywords | CONVEYANCING |
| 650 ## - KEYWORDS | |
| Keywords | RESIDENTIAL PROPERTY |
| 651 ## - SUBJECT ADDED ENTRY--GEOGRAPHIC NAME | |
| Geographic name | Northern Ireland |
| 690 ## - BROAD SUBJECT | |
| 9 (RLIN) | 6266 |
| Broad subject | Residential property |
| 856 ## - ONLINE RESOURCE | |
| Uniform Resource Identifier | <a href="https://www.lawsoc-ni.org/DatabaseDocs/new_733384__conveyancing_consumer_leafletnon_conference_version.pdf">https://www.lawsoc-ni.org/DatabaseDocs/new_733384__conveyancing_consumer_leafletnon_conference_version.pdf</a> |
| Public note | Available free on RICS.org |
| 942 ## - ADDED ENTRY ELEMENTS (KOHA) | |
| Suppress in OPAC | Do not suppress in OPAC |
| Lost status | Damaged status | Not for loan | Home library | Current library | Shelving location | Date acquired | Total Checkouts | Date last seen | Price effective from | Koha item type |
|---|---|---|---|---|---|---|---|---|---|---|
| Virtual | Virtual | Online | 18/10/2023 | 18/10/2023 | 18/10/2023 | Online material |